000
00242nam a2200097Ia 4500
001
683152
005
20250826161432.0
008
250824s9999 xx 000 0 und d
245
0
_a
ABDÜLHAMİD
_c
OKAY TİRYAKİOĞLU
260
_b
TİMAŞ YAYINLARI
999
_c
683152
_d
683152